000 00446nam a2200157Ia 4500
005 20250508152817.0
008 008 250505s9999 xx 000 0 eng d
037 _aBooks to be hide in OPAC
040 _aFEDL
_beng
_cFEDL
041 _aeng
_2eng
084 _a370.6, IIE/O
_qFEDL
245 0 _aInstitute of international education 1954 annual report
300 _a54p.
942 _cHB
_h370.6, IIE/O
999 _c1338895
_d1338895